| 000 | 00793nam a2200265Ia 4500 | ||
|---|---|---|---|
| 003 | OSt | ||
| 005 | 20220927104921.0 | ||
| 006 | a|||||r|||| 00| 0 | ||
| 007 | ta | ||
| 008 | 220926b |||||||| |||| 00| 0 eng d | ||
| 024 | _a40050 | ||
| 037 | _cReference Collections | ||
| 040 |
_aRTL _cRTL _beng |
||
| 041 |
_2eng _aeng |
||
| 082 | _a"X.685.N5, K7" | ||
| 110 | _aInternational Bank for Reconstruction and Development | ||
| 245 | 0 | _aEconomy of the trust territory of Somaliland | |
| 260 | _c1957 | ||
| 300 |
_a99p _ccm. |
||
| 500 | _aAppendix st the end | ||
| 650 |
_aAfrica Economic Conditions _9351010 |
||
| 700 | _aInternational Bank for Reconstruction and Development | ||
| 942 |
_h"X.685.N5, K7" _cCC |
||
| 999 |
_c689384 _d689384 |
||